October: <the> story of the Russian revolution

Na minha lista:
Detalhes bibliográficos
Autor principal: Miéville, China
Formato: Livro
Idioma:inglês
Publicado em: London VERSO 2017
Assuntos:
Tags: Adicionar Tag
Sem tags, seja o primeiro a adicionar uma tag!

MARC

LEADER 00000nam a2200000 4500
001 0237924
005 20240221113044.3
020 |a 978-1-78478-277-1 
041 0 |a eng 
044 |a GB 
245 1 0 |a October: <the> story of the Russian revolution  |c China Miéville 
264 1 |a London  |b VERSO  |c 2017 
300 |a 369 s. 
610 2 0 |a dejiny 
610 2 0 |a revolúcia 
610 2 0 |a konflikty 
610 2 0 |a spoločnosť 
610 2 0 |a boj triedny 
610 2 0 |a boj politický 
610 2 0 |a politika vnútorná 
610 2 0 |a hnutie revolučné 
610 2 0 |a moc politická 
610 2 0 |a politika zahraničná 
610 2 0 |a vodcovstvo 
610 2 0 |a osobnosť 
610 2 0 |a Lenin, V.I.U. 
610 2 0 |a VOSR 
610 2 0 |a Rusko 
610 2 0 |a ZSSR 
610 2 0 |a Európa 
610 2 0 |a 1917 
100 1 |a Miéville, China